Autoridad y privilegio en la Universidad española (Record no. 21812)

MARC details
000 -LEADER
campo de control de longitud fija 00554nam a2200157 i 4500
001 - NÚMERO DE CONTROL
campo de control 21812
003 - IDENTIFICADOR DE NÚMERO DE CONTROL
campo de control ES-MaACL
007 - CAMPO FIJO DE DESCRIPCIÓN FÍSICA--INFORMACIÓN GENERAL
campo de control de longitud fija t|
008 - DATOS DE LONGITUD FIJA--INFORMACIÓN GENERAL
campo de control de longitud fija 021127s1982 sp ||||1| spa d
100 0# - ENTRADA PRINCIPAL--NOMBRE DE PERSONA
Nombre de persona Almarcha Barbado, Amparo
9 (RLIN) 20097
245 10 - MENCIÓN DEL TÍTULO
Título Autoridad y privilegio en la Universidad española
Resto del título : estudio sociológico del profesorado universitario /
Mención de responsabilidad, etc. Amparo Almarcha Barbado.
260 ## - PUBLICACIÓN, DISTRIBUCIÓN, ETC.
Lugar de publicación, distribución, etc. Madrid :
Nombre del editor, distribuidor, etc. Centro de Investigaciones Sociológicas,
Fecha de publicación, distribución, etc. 1982.
300 ## - DESCRIPCIÓN FÍSICA
Extensión 376 p. ;
Dimensiones 20 cm.
852 ## - LOCALIZACIÓN
Ubicación ES-MaACL
Número de control de estantería L-3518
Sublocalización o colección R.104271
Holdings
Estatus retirado Estado de pérdida Estado de daño No para préstamo Biblioteca de origen Biblioteca actual Ubicación en estantería Fecha de adquisición Fuente de adquisición Total de préstamos Signatura topográfica completa Código de barras Visto por última vez Precio de reemplazo Tipo de ítem Koha
        Biblioteca del Ateneo de Madrid Biblioteca del Ateneo de Madrid Depósito 2 17/01/2008     L-3518 1022419 23/02/2023 23/02/2023 Libro impreso